Thermodynamics (Record no. 13811)
[ view plain ]
| 000 -LEADER | |
|---|---|
| fixed length control field | 00262nam a22001217a 4500 |
| 020 ## - INTERNATIONAL STANDARD BOOK NUMBER | |
| ISBN | 817371388X |
| 082 ## - DEWEY DECIMAL CLASSIFICATION NUMBER | |
| Classification number | 621.4021 RAO/TH |
| 100 ## - MAIN ENTRY--AUTHOR NAME | |
| Personal name | Y V C Rao |
| 245 ## - TITLE STATEMENT | |
| Title | Thermodynamics |
| 260 ## - PUBLICATION, DISTRIBUTION, ETC. (IMPRINT) | |
| Place of publication | Hyderabad |
| Name of publisher | Universities Press |
| Year of publication | 2001 |
| 300 ## - PHYSICAL DESCRIPTION | |
| Number of Pages | 203 |
| 942 ## - ADDED ENTRY ELEMENTS (KOHA) | |
| Koha item type | Books |
| Withdrawn status | Lost status | Damaged status | Collection code | Home library | Current library | Shelving location | Date acquired | Source of acquisition | Cost, normal purchase price | Full call number | Accession Number | Koha item type |
|---|---|---|---|---|---|---|---|---|---|---|---|---|
| Non-fiction | KAUAET | KAUAET | General Stacks | 21/11/2012 | CosmoBooks, Calicut | 150.00 | 621.4021 RAO/TH | 23620 | Books | |||
| Non-fiction | KAUAET | KAUAET | General Stacks | 21/11/2012 | CosmoBooks, Calicut | 150.00 | 621.4021 RAO/TH | 23621 | Books |
